[Event "Aylmer op"]
[Site "Aylmer CAN"]
[Date "1993.11.26"]
[Round "1"]
[White "Ferguson, Peter"]
[Black "Hergott, Deen"]
[Result "0-1"]
[WhiteElo "2181"]
[BlackElo "2525"]
[PlyCount "48"]
[EventDate "1993.11.26"]
[EventType "swiss"]
[EventRounds "5"]
[EventCountry "CAN"]

1. e4 e6 2. d4 d5 3. e5 Bd7 4. c4 dxc4 5. Bxc4 Bc6 6. Nf3 Bxf3 7. Qxf3 Qxd4 8.
Qxb7 Qxc4 9. Qc8+ Ke7 10. Nd2 Qa6 11. Qxc7+ Nd7 12. b3 Rc8 13. Qd6+ Qxd6 14.
exd6+ Kxd6 15. Ba3+ Kc7 16. Rc1+ Kb8 17. Rxc8+ Kxc8 18. Bxf8 Nxf8 19. Ne4 Nh6
20. Ke2 Nd7 21. Nd6+ Kc7 22. Rd1 Nb6 23. Nb5+ Kb8 24. a4 Nd5 0-1

[Event "Aylmer op"]
[Site "Aylmer CAN"]
[Date "1993.11.27"]
[Round "2"]
[White "Hergott, Deen"]
[Black "Saleh, Maher"]
[Result "1-0"]
[WhiteElo "2525"]
[BlackElo "2224"]
[PlyCount "33"]
[EventDate "1993.11.26"]
[EventType "swiss"]
[EventRounds "5"]
[EventCountry "CAN"]

1. g3 Nf6 2. Bg2 d5 3. d3 g6 4. Bd2 Bg7 5. Qc1 c5 6. Nc3 Nc6 7. Bh6 O-O 8. h4
e6 9. h5 Nxh5 10. g4 Nf6 11. Bxg7 Kxg7 12. Qh6+ Kg8 13. f4 Nd4 14. O-O-O b5 15.
e4 b4 16. e5 Nh5 17. Nce2 1-0

[Event "Aylmer op"]
[Site "Aylmer CAN"]
[Date "1993.11.27"]
[Round "3"]
[White "Taylor, Gordon"]
[Black "Hergott, Deen"]
[Result "0-1"]
[WhiteElo "2394"]
[BlackElo "2525"]
[PlyCount "68"]
[EventDate "1993.11.26"]
[EventType "swiss"]
[EventRounds "5"]
[EventCountry "CAN"]

1. d4 g6 2. c4 Bg7 3. e4 d6 4. Nc3 e5 5. dxe5 dxe5 6. Qxd8+ Kxd8 7. f4 Be6 8.
Nf3 Nd7 9. Be2 exf4 10. Bxf4 Bxc3+ 11. bxc3 Ngf6 12. Ng5 Re8 13. e5 Nh5 14.
Bxh5 gxh5 15. Nxh7 Kc8 16. O-O-O a5 17. Rd4 Ra6 18. Rhd1 Rb6 19. Ng5 Bf5 20.
Nxf7 Rb1+ 21. Kd2 Rb2+ 22. Ke1 Rxa2 23. Kf1 b6 24. h3 a4 25. Kg1 Nc5 26. Rd8+
Rxd8 27. Rxd8+ Kb7 28. Rf8 Ne6 29. Nd6+ cxd6 30. Rxf5 a3 31. exd6 Ra1+ 32. Kf2
a2 33. Rf7+ Ka6 34. Rf6 Nxf4 0-1

[Event "Aylmer op"]
[Site "Aylmer CAN"]
[Date "1993.11.28"]
[Round "4"]
[White "Hergott, Deen"]
[Black "Awate, Avinash"]
[Result "1-0"]
[WhiteElo "2525"]
[BlackElo "2280"]
[PlyCount "87"]
[EventDate "1993.11.26"]
[EventType "swiss"]
[EventRounds "5"]
[EventCountry "CAN"]

1. d4 d5 2. Nf3 Nf6 3. c4 c6 4. Nc3 dxc4 5. a4 Bf5 6. Ne5 Nbd7 7. Nxc4 Qc7 8.
g3 Nb6 9. Ne5 Nbd7 10. Bf4 Nxe5 11. Bxe5 Qd7 12. a5 Nd5 13. Bg2 f6 14. Nxd5
cxd5 15. Bf4 e6 16. O-O g5 17. Bd2 Bd6 18. Re1 O-O 19. e4 dxe4 20. Bxe4 Qb5 21.
Bxf5 Qxf5 22. a6 b6 23. Qb3 Qd5 24. Qxd5 exd5 25. Re6 Rad8 26. Rc1 Rd7 27. Kg2
Kg7 28. Rc6 Rfd8 29. f4 Kf7 30. f5 h5 31. Kf3 g4+ 32. Kg2 Be7 33. h3 Kg7 34.
Rc1 Bd6 35. Rc6 Be7 36. Bf4 Kf7 37. Rc1 Kg7 38. Rec6 Kf7 39. hxg4 hxg4 40. Rc7
Bf8 41. Rb7 Re7 42. Rcc7 Ra8 43. Rxe7+ Bxe7 44. Bd6 1-0

[Event "Aylmer op"]
[Site "Aylmer CAN"]
[Date "1993.11.28"]
[Round "5"]
[White "Alipayo, Rodulfo"]
[Black "Hergott, Deen"]
[Result "1/2-1/2"]
[WhiteElo "2309"]
[BlackElo "2525"]
[PlyCount "51"]
[EventDate "1993.11.26"]
[EventType "swiss"]
[EventRounds "5"]
[EventCountry "CAN"]

1. Nf3 Nf6 2. g3 d5 3. Bg2 c6 4. O-O Bf5 5. d3 e6 6. Nbd2 h6 7. Qe1 Be7 8. e4
Bh7 9. Qe2 O-O 10. Re1 a5 11. h3 Na6 12. e5 Nd7 13. Nf1 c5 14. g4 Rc8 15. c3 b5
16. Ng3 Nb6 17. d4 cxd4 18. Nxd4 Nc5 19. Rd1 b4 20. cxb4 axb4 21. f4 Bh4 22.
Nf1 Be4 23. Nf3 Nc4 24. Ne3 Nxe3 25. Bxe3 Be7 26. Bd4 1/2-1/2

[Event "Autumn Frost"]
[Site "Ottawa CAN"]
[Date "1993.11.11"]
[Round "1"]
[White "Hergott, Deen"]
[Black "Pacey, Kevin"]
[Result "1-0"]
[WhiteElo "2532"]
[BlackElo "2338"]
[PlyCount "79"]
[EventDate "1993.11.11"]
[EventType "swiss"]
[EventRounds "5"]
[EventCountry "CAN"]

1. d4 e6 2. c4 Nf6 3. Nf3 b6 4. Nc3 Bb4 5. Bg5 h6 6. Bh4 Bb7 7. Qc2 g5 8. Bg3
d6 9. O-O-O Bxc3 10. Qxc3 Ne4 11. Qc2 Nd7 12. e3 Qe7 13. d5 Ndc5 14. Nd4 Qf6
15. f3 Nxg3 16. hxg3 e5 17. Nb5 Kd8 18. g4 a6 19. Nc3 Ke7 20. b4 Nd7 21. Ne4
Qg7 22. c5 bxc5 23. bxc5 Nxc5 24. Nxc5 dxc5 25. Qxc5+ Kd7 26. Bd3 e4 27. Bxe4
Qa1+ 28. Bb1 Rab8 29. Qd4 Qxd4 30. Rxd4 Kd6 31. Kd2 Bc8 32. Kc3 Rb5 33. Bd3
Rxd5 34. Rxd5+ Kxd5 35. Bc4+ Ke5 36. Bxf7 Rf8 37. Bc4 Rf6 38. Rd1 Rc6 39. Rd5+
Kf6 40. Kd4 1-0

[Event "Antwerp op"]
[Site "Antwerp BEL"]
[Date "1993.??.??"]
[Round "?"]
[White "Hergott, Deen"]
[Black "Flear, Glenn"]
[Result "1/2-1/2"]
[WhiteElo "2400"]
[BlackElo "2450"]
[PlyCount "101"]
[EventDate "1993.08.??"]
[EventType "swiss"]
[EventRounds "9"]
[EventCountry "BEL"]

1. d4 d5 2. c4 e6 3. Nc3 c6 4. e3 Nf6 5. Nf3 Nbd7 6. Qc2 Bd6 7. Be2 O-O 8. O-O
dxc4 9. Bxc4 b5 10. Be2 Bb7 11. Rd1 Qc7 12. h3 Rfe8 13. e4 e5 14. dxe5 Nxe5 15.
Nd4 Ng6 16. Bg5 Be5 17. Rac1 a6 18. Bxf6 Bxf6 19. Nd5 Qe5 20. Nxc6 Qxb2 21. Nc7
Qxc2 22. Rxc2 Bxc6 23. Rxc6 Rac8 24. Bg4 Red8 25. Rxd8+ Rxd8 26. Rxa6 Rb8 27.
Nd5 Bd4 28. Kf1 Kf8 29. Ke2 Ne7 30. f4 g6 31. Nxe7 Kxe7 32. e5 Rb7 33. Rd6 Bc3
34. Rc6 b4 35. Ra6 h5 36. Bf3 Rd7 37. h4 Bd4 38. Ra4 Ra7 39. Rxb4 Rxa2+ 40. Kd3
Bf2 41. Rb7+ Kf8 42. f5 gxf5 43. Bxh5 Ra7 44. Rxa7 Bxa7 45. Bd1 Bf2 46. h5 Bg3
47. Kd4 Kg7 48. Bb3 Bf4 49. Bc4 Bc1 50. Bd3 Kh6 51. Bxf5 1/2-1/2

[Event "Antwerp op"]
[Site "Antwerp BEL"]
[Date "1993.??.??"]
[Round "?"]
[White "Hergott, Deen"]
[Black "Vanderbeken, E."]
[Result "1-0"]
[WhiteElo "2400"]
[BlackElo "2400"]
[PlyCount "55"]
[EventDate "1993.08.??"]
[EventType "swiss"]
[EventRounds "9"]
[EventCountry "BEL"]

1. d4 f5 2. Bg5 g6 3. Nc3 Bg7 4. e4 fxe4 5. Nxe4 Nf6 6. Nxf6+ exf6 7. Be3 d5 8.
Qd2 O-O 9. h4 Nc6 10. h5 Ne7 11. hxg6 hxg6 12. Bh6 Rf7 13. O-O-O Qf8 14. Bxg7
Rxg7 15. Ne2 Rh7 16. Rxh7 Kxh7 17. Nf4 c6 18. Bd3 Qf7 19. Re1 a5 20. Qe3 Nf5
21. Qh3+ Kg8 22. g4 Ne7 23. Qe3 g5 24. Qxe7 Qxe7 25. Rxe7 gxf4 26. Re8+ Kf7 27.
Rh8 Kg7 28. Rd8 1-0

[Event "Wentworth Active"]
[Site "Ancaster CAN"]
[Date "1993.??.??"]
[Round "?"]
[White "Hergott, Deen"]
[Black "Simon, Paul"]
[Result "1-0"]
[WhiteElo "2517"]
[BlackElo "2173"]
[PlyCount "59"]
[EventDate "1993.08.??"]
[EventType "rapid"]
[EventCountry "CAN"]

1. d4 Nf6 2. Nf3 g6 3. g3 Bg7 4. Bg2 O-O 5. O-O d6 6. a4 a5 7. b3 e5 8. dxe5
Ng4 9. Bb2 Nc6 10. Nc3 Ngxe5 11. Nxe5 Nxe5 12. Qd2 Re8 13. Rad1 h5 14. h3 Be6
15. f4 Nc6 16. Qc1 Qc8 17. Kh2 Nd4 18. e3 Nf5 19. e4 Nd4 20. f5 gxf5 21. Rxd4
Bxd4 22. Qg5+ Kf8 23. exf5 Bd7 24. f6 Bxf6 25. Qxf6 Be6 26. Nd5 Bxd5 27. Qh6+
Ke7 28. Bxd5 Rf8 29. Qf6+ Kd7 30. Re1 1-0

[Event "Hospitalet op"]
[Site "Sitges ESP"]
[Date "1993.??.??"]
[Round "8"]
[White "Hergott, Deen"]
[Black "Suba, Mihai"]
[Result "1-0"]
[WhiteElo "2430"]
[BlackElo "2500"]
[PlyCount "59"]
[EventDate "1993.07.??"]
[EventType "swiss"]
[EventRounds "9"]
[EventCountry "ESP"]

1. Nf3 c5 2. c4 Nf6 3. Nc3 e6 4. g3 b6 5. Bg2 Bb7 6. O-O Be7 7. d4 cxd4 8. Qxd4
d6 9. Rd1 a6 10. Bg5 Nbd7 11. Bxf6 Nxf6 12. Na4 Rb8 13. c5 dxc5 14. Qe5 Bd5 15.
e4 Nxe4 16. Qxg7 Bf6 17. Qh6 Qe7 18. Rac1 c4 19. Qe3 O-O 20. Nxb6 Bxb2 21. Rc2
Bg7 22. Nd2 Qc7 23. Nxd5 exd5 24. Bxe4 dxe4 25. Rxc4 Qa5 26. Rc2 Rbd8 27. Rb1
Rd3 28. Qe2 f5 29. Rb7 Qd5 30. Rcc7 1-0

[Event "Masson op"]
[Site "Masson CAN"]
[Date "1993.04.17"]
[Round "1"]
[White "Hergott, Deen"]
[Black "Cote, Jacques"]
[Result "1-0"]
[WhiteElo "2527"]
[BlackElo "2075"]
[PlyCount "73"]
[EventDate "1993.04.17"]
[EventType "swiss"]
[EventRounds "5"]
[EventCountry "CAN"]

1. d4 f5 2. Nc3 d5 3. e4 dxe4 4. Bf4 e6 5. f3 exf3 6. Nxf3 Bd6 7. Qd2 Nf6 8.
O-O-O O-O 9. Re1 Bxf4 10. Qxf4 Nd5 11. Nxd5 exd5 12. Bd3 Nc6 13. c3 Rf6 14. Re3
h6 15. Rhe1 Bd7 16. h4 Rg6 17. Ne5 Nxe5 18. Rxe5 Rg4 19. Qf3 c6 20. Re7 Re4 21.
Bxe4 dxe4 22. R1xe4 Qf8 23. R4e5 Rd8 24. Qe2 Qf6 25. Qc4+ Kh7 26. Qf7 Qxf7 27.
Rxf7 Bc8 28. Ree7 Kg6 29. Rxg7+ Kh5 30. g3 a5 31. Re5 b6 32. Kd2 Rd6 33. Ke3
Rf6 34. Kf4 Be6 35. g4+ Kxh4 36. gxf5 Bxa2 37. Re2 1-0

[Event "Masson op"]
[Site "Masson CAN"]
[Date "1993.06.17"]
[Round "2"]
[White "Winterton, Ken"]
[Black "Hergott, Deen"]
[Result "0-1"]
[WhiteElo "2125"]
[BlackElo "2527"]
[PlyCount "82"]
[EventDate "1993.04.17"]
[EventType "swiss"]
[EventRounds "5"]
[EventCountry "CAN"]

1. e4 d6 2. d4 Nf6 3. Bd3 e5 4. Nf3 Bg4 5. c3 Nc6 6. Be3 d5 7. Nbd2 exd4 8.
cxd4 dxe4 9. Nxe4 Bb4+ 10. Kf1 O-O 11. h3 Bh5 12. Ng3 Bg6 13. Nf5 Re8 14. a3
Bf8 15. Rc1 Ne4 16. N3h4 Qf6 17. Bxe4 Rxe4 18. Qf3 Rxh4 19. Nxh4 Qxh4 20. Qg4
Qf6 21. Kg1 Bd6 22. h4 h5 23. Qg5 Qxg5 24. hxg5 Ne7 25. Kf1 Re8 26. Ke2 Nd5 27.
Kd2 c6 28. Rhe1 Nxe3 29. Rxe3 Bf4 30. g3 Bxe3+ 31. fxe3 Re4 32. d5 cxd5 33.
Rc8+ Kh7 34. Rc7 d4 35. exd4 Rxd4+ 36. Kc1 Rd5 37. Rxb7 a5 38. Rb3 Rxg5 39. Rf3
Rc5+ 40. Kd1 h4 41. gxh4 Bh5 0-1

[Event "Masson op"]
[Site "Masson CAN"]
[Date "1993.04.17"]
[Round "3"]
[White "Hergott, Deen"]
[Black "Patterson, Roger"]
[Result "1-0"]
[WhiteElo "2527"]
[BlackElo "2265"]
[PlyCount "69"]
[EventDate "1993.04.17"]
[EventType "swiss"]
[EventRounds "5"]
[EventCountry "CAN"]

1. Nf3 d5 2. g3 Nf6 3. Bg2 Bf5 4. d3 e6 5. O-O Be7 6. c4 c6 7. Qb3 Qb6 8. Be3
Qxb3 9. axb3 a6 10. Nc3 O-O 11. Nh4 Bg4 12. h3 Bh5 13. g4 Ne8 14. Nf5 exf5 15.
gxh5 dxc4 16. bxc4 Nd7 17. Ra4 Nc7 18. b4 Ne6 19. b5 axb5 20. Rxa8 Rxa8 21.
cxb5 cxb5 22. Rb1 Bf6 23. Nd5 Ra2 24. Nxf6+ Nxf6 25. Bf3 f4 26. Bb6 Nd7 27.
Rxb5 Nxb6 28. Rxb6 Nd4 29. Kg2 Nxe2 30. Rxb7 Kf8 31. Bd5 Ra5 32. Rxf7+ Ke8 33.
Bc4 Rg5+ 34. Kf1 Ng1 35. h4 1-0

[Event "Masson op"]
[Site "Masson CAN"]
[Date "1993.04.18"]
[Round "4"]
[White "Groleau, Gilles"]
[Black "Hergott, Deen"]
[Result "1/2-1/2"]
[WhiteElo "2273"]
[BlackElo "2527"]
[PlyCount "104"]
[EventDate "1993.04.17"]
[EventType "swiss"]
[EventRounds "5"]
[EventCountry "CAN"]

1. e4 e5 2. Nf3 Nc6 3. Bb5 a6 4. Ba4 d6 5. c3 f5 6. d3 Nf6 7. Bg5 Be7 8. Nbd2
O-O 9. O-O fxe4 10. dxe4 Nh5 11. Be3 Nf4 12. Bxf4 Rxf4 13. Ne1 Kh8 14. Nd3 Rf8
15. f3 b5 16. Bc2 Bg5 17. Qe2 Be6 18. Bb3 Bxb3 19. Nxb3 Qb8 20. g3 Qb6+ 21. Kg2
a5 22. f4 Bf6 23. fxe5 Nxe5 24. Nxe5 Bxe5 25. Rxf8+ Rxf8 26. Rf1 Kg8 27. Rxf8+
Kxf8 28. Qf2+ Qxf2+ 29. Kxf2 a4 30. Nd4 b4 31. Ne6+ Kf7 32. Nxc7 bxc3 33. bxc3
Bxc3 34. Ke3 h5 35. Nd5 Ba5 36. h3 Be1 37. g4 hxg4 38. hxg4 Kg6 39. Nb6 a3 40.
Nc4 Bb4 41. Kd4 Kg5 42. Kd5 Kf4 43. g5 Kxg5 44. Nxd6 Kf6 45. e5+ Ke7 46. Nf5+
Kf8 47. Ke4 g6 48. Nh6 Kg7 49. Ng4 g5 50. Kf5 Kf7 51. Nf2 Bd2 52. Ne4 Bc1
1/2-1/2

[Event "Masson op"]
[Site "Masson CAN"]
[Date "1993.04.18"]
[Round "5"]
[White "Hergott, Deen"]
[Black "Ferguson, Peter"]
[Result "1-0"]
[WhiteElo "2527"]
[BlackElo "2200"]
[PlyCount "97"]
[EventDate "1993.04.17"]
[EventType "swiss"]
[EventRounds "5"]
[EventCountry "CAN"]

1. d4 Nf6 2. Nf3 g6 3. Bg5 Bg7 4. Nbd2 O-O 5. e4 d6 6. Bd3 c5 7. dxc5 dxc5 8.
O-O Nc6 9. h3 Ne8 10. Nc4 b5 11. Ne3 c4 12. Be2 Nf6 13. a4 b4 14. e5 Ne4 15.
Bxc4 Nxg5 16. Nxg5 Nxe5 17. Qxd8 Rxd8 18. Bd5 Ba6 19. Bxa8 Bxf1 20. Bb7 h6 21.
Ne6 fxe6 22. Kxf1 Kf7 23. f4 Rb8 24. fxe5 Rxb7 25. Nc4 b3 26. cxb3 Rxb3 27. Ke2
h5 28. Rf1+ Ke8 29. Rf3 Rb4 30. b3 Kd8 31. Kd2 Bh6+ 32. Kc3 Rb8 33. Rg3 g5 34.
Rd3+ Kc7 35. g4 hxg4 36. hxg4 Rf8 37. Rh3 Bg7 38. Rh5 Rf3+ 39. Kb4 a5+ 40. Kc5
Rxb3 41. Rh7 Bf8 42. Rf7 Bh6 43. Nxa5 Re3 44. Nc4 Re4 45. Rxe7+ Kd8 46. Rxe6
Bf8+ 47. Kd5 Rxg4 48. a5 Kd7 49. a6 1-0

[Event "Biel op"]
[Site "Biel SUI"]
[Date "1993.??.??"]
[Round "4"]
[White "Huzman, Alexander"]
[Black "Hergott, Deen"]
[Result "1/2-1/2"]
[WhiteElo "2520"]
[BlackElo "2430"]
[PlyCount "45"]
[EventDate "1993.??.??"]
[EventType "swiss"]
[EventRounds "11"]
[EventCountry "SUI"]

1. Nf3 Nf6 2. c4 c5 3. Nc3 Nc6 4. d4 cxd4 5. Nxd4 g6 6. e4 Bg7 7. Be3 O-O 8.
Be2 b6 9. O-O Bb7 10. f3 Nh5 11. Nxc6 dxc6 12. c5 b5 13. g4 Nf6 14. Qc2 e5 15.
a4 a6 16. Rfd1 Qe7 17. Rd2 Rfd8 18. Rxd8+ Rxd8 19. axb5 axb5 20. Ra7 Rd7 21. b4
Ne8 22. Kg2 Bc8 23. Rxd7 1/2-1/2

[Event "Biel op"]
[Site "Biel SUI"]
[Date "1993.??.??"]
[Round "6"]
[White "Antonio, Rogelio"]
[Black "Hergott, Deen"]
[Result "1/2-1/2"]
[WhiteElo "2500"]
[BlackElo "2430"]
[PlyCount "78"]
[EventDate "1993.??.??"]
[EventType "swiss"]
[EventRounds "11"]
[EventCountry "SUI"]

1. e4 e6 2. d4 d5 3. e5 c5 4. c3 Nc6 5. Nf3 Bd7 6. Be2 Nge7 7. Na3 cxd4 8. cxd4
Nf5 9. Nc2 h5 10. O-O Be7 11. Be3 g5 12. Nfe1 g4 13. Nd3 Qb6 14. Kh1 a5 15. b3
Rc8 16. Qd2 Na7 17. Rfc1 Nb5 18. Nf4 Nxe3 19. fxe3 Bg5 20. Bd3 Nc3 21. Rf1 Bb5
22. Bxb5+ Qxb5 23. Na3 Qa6 24. Rfc1 Ne4 25. Rxc8+ Kd7 26. Rxh8 Nxd2 27. Rc1
Bxf4 28. exf4 Qe2 29. Rf8 Qe3 30. Nb5 Ke7 31. Rfc8 Nc4 32. Rd1 Nb2 33. Rdc1 Nc4
34. Rg1 Nd2 35. Nd6 f5 36. Rc7+ Kf8 37. Rgc1 Nc4 38. Rg1 Nd2 39. Rgc1 Nc4
1/2-1/2

[Event "Biel op"]
[Site "Biel SUI"]
[Date "1993.??.??"]
[Round "7"]
[White "Hergott, Deen"]
[Black "Bologan, Viktor"]
[Result "1/2-1/2"]
[WhiteElo "2430"]
[BlackElo "2510"]
[PlyCount "72"]
[EventDate "1993.??.??"]
[EventType "swiss"]
[EventRounds "11"]
[EventCountry "SUI"]

1. d4 Nf6 2. Nf3 g6 3. g3 Bg7 4. Bg2 O-O 5. O-O d6 6. a4 Nbd7 7. a5 Rb8 8. Nc3
c5 9. e4 cxd4 10. Nxd4 a6 11. Re1 Ne5 12. b3 Nc6 13. Nxc6 bxc6 14. Bb2 c5 15.
Nd5 e5 16. Nb6 Bb7 17. Nc4 Ne8 18. Qd2 Qe7 19. Rad1 Rd8 20. b4 Nc7 21. bxc5
dxc5 22. Qe3 Nb5 23. c3 Qc7 24. Nb6 Rfe8 25. Bf1 Bf8 26. Bc4 Nd6 27. Bd5 c4 28.
Ba3 Kg7 29. Bxd6 Bxd6 30. Bxb7 Bc5 31. Qe2 Bxb6 32. Bxa6 Bxa5 33. Qxc4 Qxc4 34.
Bxc4 Bxc3 35. Rxd8 Rxd8 36. Rb1 Rd7 1/2-1/2

[Event "Biel op"]
[Site "Biel SUI"]
[Date "1993.??.??"]
[Round "9"]
[White "Meijers, Viesturs"]
[Black "Hergott, Deen"]
[Result "1-0"]
[WhiteElo "2415"]
[BlackElo "2430"]
[PlyCount "51"]
[EventDate "1993.??.??"]
[EventType "swiss"]
[EventRounds "11"]
[EventCountry "SUI"]

1. e4 c5 2. Nf3 Nc6 3. d4 cxd4 4. Nxd4 g6 5. c4 Bg7 6. Be3 Nf6 7. Nc3 O-O 8.
Be2 b6 9. O-O Bb7 10. f3 Nh5 11. Qd2 Nf4 12. Rad1 Ne6 13. Nc2 d6 14. Bh6 Rc8
15. Bxg7 Kxg7 16. f4 f5 17. exf5 gxf5 18. Bf3 Na5 19. b3 Rf6 20. Bxb7 Nxb7 21.
Nd5 Rf7 22. Nd4 Nxd4 23. Qxd4+ Kg8 24. Rf3 Rg7 25. Re1 h6 26. Rfe3 1-0

[Event "Capablanca mem-B"]
[Site "CUB"]
[Date "1993.??.??"]
[Round "3"]
[White "Arencibia, Walter"]
[Black "Hergott, Deen"]
[Result "1-0"]
[WhiteElo "2490"]
[BlackElo "2450"]
[PlyCount "73"]
[EventDate "1993.??.??"]
[EventType "tourn"]
[EventRounds "13"]
[EventCountry "CUB"]
[EventCategory "7"]

1. e4 e6 2. d4 d5 3. exd5 exd5 4. Nf3 Bd6 5. c4 c6 6. Nc3 Ne7 7. Bd3 O-O 8. O-O
dxc4 9. Bxc4 Bg4 10. h3 Bh5 11. g4 Bg6 12. Ne5 b5 13. Bb3 Bxe5 14. dxe5 Bd3 15.
Re1 c5 16. Bg5 c4 17. Nxb5 Nbc6 18. Ba4 Qb8 19. Bxe7 Nxe7 20. b3 Ng6 21. Nd6
Nxe5 22. Nxc4 Bxc4 23. bxc4 Qc7 24. Qd5 Ng6 25. Rad1 Nf4 26. Qf3 g5 27. h4 h6
28. hxg5 hxg5 29. Qc6 Qa5 30. Qb5 Nh3+ 31. Kg2 Qc3 32. Re3 Nf4+ 33. Kg1 Qg7 34.
Qe5 f6 35. Qe4 Rad8 36. c5 Rxd1+ 37. Bxd1 1-0

[Event "Capablanca mem-B"]
[Site "CUB"]
[Date "1993.??.??"]
[Round "5"]
[White "Sorin, Ariel"]
[Black "Hergott, Deen"]
[Result "1/2-1/2"]
[WhiteElo "2425"]
[BlackElo "2450"]
[PlyCount "66"]
[EventDate "1993.??.??"]
[EventType "tourn"]
[EventRounds "13"]
[EventCountry "CUB"]
[EventCategory "7"]

1. d4 g6 2. c4 Bg7 3. Nc3 c5 4. d5 Bxc3+ 5. bxc3 f5 6. e4 fxe4 7. f3 Qa5 8. Qc2
d6 9. fxe4 Nf6 10. Nf3 Nbd7 11. Bd3 Ng4 12. O-O Nde5 13. h3 Nxf3+ 14. gxf3 Ne5
15. f4 Nxd3 16. Qxd3 Bd7 17. f5 gxf5 18. exf5 O-O-O 19. Bh6 Qa4 20. Rf4 Rhg8+
21. Kh2 Qa3 22. Qc2 Ba4 23. Qc1 Qxc1 24. Rxc1 a6 25. h4 Rde8 26. Re1 Bd7 27.
Re3 b5 28. cxb5 axb5 29. Bg5 Rgf8 30. Rxe7 Rxe7 31. Bxe7 Rxf5 32. Rxf5 Bxf5 33.
Bxd6 Be4 1/2-1/2

[Event "Capablanca mem-B"]
[Site "CUB"]
[Date "1993.??.??"]
[Round "8"]
[White "Hergott, Deen"]
[Black "Diaz, Joaquin Carlos"]
[Result "1-0"]
[WhiteElo "2450"]
[BlackElo "2445"]
[PlyCount "97"]
[EventDate "1993.??.??"]
[EventType "tourn"]
[EventRounds "13"]
[EventCountry "CUB"]
[EventCategory "7"]

1. d4 Nf6 2. Nf3 d5 3. c4 e6 4. g3 Bb4+ 5. Bd2 Be7 6. Bg2 O-O 7. O-O dxc4 8.
Qc2 a6 9. Qxc4 b5 10. Qc2 Bb7 11. Rc1 Bd6 12. a4 b4 13. Bg5 Nbd7 14. Nbd2 c5
15. Bxf6 Nxf6 16. dxc5 Rc8 17. Nb3 Ne4 18. Ng5 Bxc5 19. Nxe4 Bxf2+ 20. Kxf2
Rxc2 21. Rxc2 Qa8 22. Nbc5 Bd5 23. Bf3 Qa7 24. Kg2 h6 25. Nd2 Rd8 26. Rac1 g5
27. Bxd5 exd5 28. Nf3 d4 29. Nd3 Qe7 30. Nde5 Qe8 31. Rd2 Qxa4 32. Rc7 Qa5 33.
Rdc2 d3 34. Nxd3 g4 35. Nfe5 b3 36. R2c5 Qd2 37. Nf4 Re8 38. Rc8 Rxc8 39. Rxc8+
Kg7 40. Ned3 a5 41. Kf2 a4 42. Ra8 Qd1 43. Rxa4 Qh1 44. Ng2 Qxh2 45. Ndf4 h5
46. Ra5 h4 47. Rg5+ Kf8 48. gxh4 Qh1 49. Rxg4 1-0

[Event "Capablanca mem-B"]
[Site "CUB"]
[Date "1993.??.??"]
[Round "9"]
[White "Rodriguez, Amador"]
[Black "Hergott, Deen"]
[Result "1-0"]
[WhiteElo "2480"]
[BlackElo "2450"]
[PlyCount "75"]
[EventDate "1993.??.??"]
[EventType "tourn"]
[EventRounds "13"]
[EventCountry "CUB"]
[EventCategory "7"]

1. e4 e6 2. d4 d5 3. Nc3 dxe4 4. Nxe4 Bd7 5. Nf3 Bc6 6. Bd3 Nd7 7. c4 Ngf6 8.
Nc3 Be7 9. O-O O-O 10. Re1 Bxf3 11. Qxf3 c5 12. dxc5 Bxc5 13. Bf4 Qa5 14. Rad1
Bb4 15. Qxb7 Bxc3 16. bxc3 e5 17. Be3 Rfb8 18. Qc6 Rc8 19. Qd6 Qa4 20. Bf5 Rd8
21. c5 g6 22. Bh3 Nf8 23. Qxd8 Rxd8 24. Rxd8 Kg7 25. g3 Ng4 26. Bxg4 Qxg4 27.
c6 Ne6 28. Rd6 Qc4 29. Red1 a5 30. R1d5 a4 31. h4 h5 32. Kh2 Kf6 33. Bb6 Kf5
34. a3 f6 35. Rd3 e4 36. R3d5+ Kg4 37. Rxe6 Qxd5 38. Rxf6 1-0

[Event "Capablanca mem-B"]
[Site "CUB"]
[Date "1993.??.??"]
[Round "10"]
[White "Armas, Jorge"]
[Black "Hergott, Deen"]
[Result "1/2-1/2"]
[WhiteElo "2435"]
[BlackElo "2450"]
[PlyCount "93"]
[EventDate "1993.??.??"]
[EventType "tourn"]
[EventRounds "13"]
[EventCountry "CUB"]
[EventCategory "7"]

1. d4 d5 2. c4 e6 3. Nf3 Nf6 4. Nc3 Bb4 5. cxd5 exd5 6. Bg5 Nbd7 7. e3 c5 8.
Bd3 Qa5 9. Qc2 c4 10. Bf5 O-O 11. O-O Re8 12. Nd2 g6 13. Bxd7 Nxd7 14. a3 Bxc3
15. bxc3 Nb6 16. f3 Qa4 17. Qb1 f6 18. Bh6 Bd7 19. h4 Qc6 20. Re1 Re7 21. Bf4
Bf5 22. Qc1 Rae8 23. g4 Bd3 24. g5 h6 25. Nf1 hxg5 26. hxg5 Rh7 27. Ra2 Kf7 28.
gxf6 Reh8 29. Rh2 Nd7 30. Qb2 Qb6 31. Qb4 Qxb4 32. axb4 Rxh2 33. Nxh2 Nxf6 34.
Be5 Ra8 35. Bxf6 Kxf6 36. Ng4+ Ke6 37. Ra1 a6 38. Ne5 Bc2 39. Kf2 b6 40. e4
dxe4 41. Nxc4 Rc8 42. d5+ Kf6 43. Nxb6 Rxc3 44. fxe4 Bxe4 45. Rxa6 Ke5 46. Ra5
g5 47. d6+ 1/2-1/2

[Event "Capablanca mem-B"]
[Site "CUB"]
[Date "1993.??.??"]
[Round "12"]
[White "Alonso, Rene"]
[Black "Hergott, Deen"]
[Result "1/2-1/2"]
[WhiteElo "2380"]
[BlackElo "2450"]
[PlyCount "71"]
[EventDate "1993.??.??"]
[EventType "tourn"]
[EventRounds "13"]
[EventCountry "CUB"]
[EventCategory "7"]

1. Nf3 Nf6 2. d4 e6 3. c4 Bb4+ 4. Bd2 Qe7 5. g3 Nc6 6. Bg2 Bxd2+ 7. Nbxd2 d6 8.
O-O O-O 9. e4 e5 10. d5 Nb8 11. b4 a5 12. a3 c6 13. Ne1 cxd5 14. exd5 Bf5 15.
Nb3 axb4 16. axb4 Rxa1 17. Qxa1 b6 18. Nf3 Qb7 19. Nfd2 Nbd7 20. Qb2 Bd3 21.
Rc1 Ra8 22. Qc3 e4 23. Nd4 Ne5 24. f4 exf3 25. N4xf3 Nxf3+ 26. Bxf3 Bf5 27. Qd4
Ra4 28. g4 Bg6 29. Re1 h6 30. h4 h5 31. gxh5 Nxh5 32. Bxh5 Bxh5 33. Qf4 Qd7 34.
Qg5 Qg4+ 35. Qxg4 Bxg4 36. b5 1/2-1/2

[Event "Capablanca mem-B"]
[Site "CUB"]
[Date "1993.??.??"]
[Round "13"]
[White "Hergott, Deen"]
[Black "Sanchez Almeyra, Jorge"]
[Result "0-1"]
[WhiteElo "2450"]
[BlackElo "2415"]
[PlyCount "99"]
[EventDate "1993.??.??"]
[EventType "tourn"]
[EventRounds "13"]
[EventCountry "CUB"]
[EventCategory "7"]

1. d4 Nf6 2. Nf3 g6 3. c4 Bg7 4. Nc3 d5 5. Bg5 Ne4 6. Bh4 Nxc3 7. bxc3 c5 8.
cxd5 Qxd5 9. e3 Nc6 10. Be2 O-O 11. Qb3 Qxb3 12. axb3 cxd4 13. exd4 e5 14. d5
e4 15. Nd2 Nb4 16. Nxe4 Nxd5 17. Bc4 Nxc3 18. Nd6 Ne4 19. O-O-O Nxd6 20. Rxd6
Bf5 21. f4 Rac8 22. Kd2 Rfe8 23. Re1 Bf8 24. Rxe8 Rxe8 25. Rd5 Bb4+ 26. Kc1 a6
27. Bf6 Be6 28. Re5 Rc8 29. Kb2 Bxc4 30. bxc4 b5 31. Kb3 Bd6 32. Re4 bxc4+ 33.
Kc3 a5 34. g3 Bb4+ 35. Kc2 Kf8 36. Rd4 Be7 37. Bxe7+ Kxe7 38. Rd5 Ra8 39. Rc5
a4 40. Rxc4 a3 41. Kb1 Rb8+ 42. Ka2 Rb2+ 43. Kxa3 Rxh2 44. g4 h5 45. gxh5 Rxh5
46. Kb3 Rd5 47. Rc6 Rd6 48. Rc5 Kf6 49. Rc4 Kf5 50. Kc2 0-1

[Event "Labour Day op"]
[Site "Toronto CAN"]
[Date "1993.??.??"]
[Round "?"]
[White "Livshits, Ron"]
[Black "Hergott, Deen"]
[Result "1/2-1/2"]
[WhiteElo "2310"]
[BlackElo "2440"]
[PlyCount "69"]
[EventDate "1993.??.??"]
[EventRounds "6"]
[EventCountry "CAN"]
[Source "ChessBase"]
[SourceDate "2003.11.25"]

1. d4 Nf6 2. c4 e6 3. Nc3 d5 4. cxd5 exd5 5. Bg5 c6 6. e3 Bf5 7. Qf3 Bg6 8.
Bxf6 Qxf6 9. Qxf6 gxf6 10. Kd2 a5 11. h4 h5 12. Bd3 Nd7 13. Nge2 Bd6 14. Rhe1
Bxd3 15. Kxd3 f5 16. Ng3 Bxg3 17. fxg3 Nb6 18. Rf1 Nc4 19. Rxf5 Nxb2+ 20. Ke2
Nc4 21. Raf1 Nd6 22. Re5+ Kd7 23. e4 dxe4 24. Nxe4 Nxe4 25. Rxf7+ Kd6 26. Rxe4
Rae8 27. Rxe8 Rxe8+ 28. Kd3 Rg8 29. Rxb7 Rxg3+ 30. Kc4 Rxg2 31. Rh7 Rxa2 32.
Rh6+ Kc7 33. Rxh5 Rc2+ 34. Kb3 Rd2 35. Kc3 1/2-1/2